Southville International School and Colleges
Your cart is empty.
  • Cart
  • Lists
    Public lists Eva Luna New books Lux_list list_1
    Your lists Log in to create your own lists
  • Log in to your account
  • Your cookies
  • Search history
Southville International School and Colleges
  • Advanced search
  • Recent comments
  • Most popular
  • Libraries

Log in to your account

Log in with GOOGLE


If you do not have an external account, but do have a local account, you can still log in:

  1. Home
  2. MARC view: An Introduction to business and management
Normal view MARC view ISBD view

An Introduction to business and management (Record no. 39131)

[ view plain ]
MARC details
000 -LEADER
fixed length control field 00659nam a22002657a 4500
003 - CONTROL NUMBER IDENTIFIER
control field OSt
005 - DATE AND TIME OF LATEST TRANSACTION
control field 20140311162959.0
008 - FIXED-LENGTH DATA ELEMENTS--GENERAL INFORMATION
fixed length control field 130128t xxu||||| |||| 00| 0 eng d
020 ## - INTERNATIONAL STANDARD BOOK NUMBER
International Standard Book Number 9715540678
050 ## - LIBRARY OF CONGRESS CALL NUMBER
Classification number HF 5363
Item number .In35 2004
100 ## - MAIN ENTRY--PERSONAL NAME
Personal name Ignacio, Monico H.
245 ## - TITLE STATEMENT
Title An Introduction to business and management
Statement of responsibility, etc Ignacio, Monico H.
250 ## - EDITION STATEMENT
Edition statement 3rd ed.
260 ## - PUBLICATION, DISTRIBUTION, ETC. (IMPRINT)
Place of publication, distribution, etc Manila
Name of publisher, distributor, etc Sinag-tala Publishers
Date of publication, distribution, etc 2004
300 ## - PHYSICAL DESCRIPTION
Extent 306 p.
Dimensions 24 cm.
521 ## - TARGET AUDIENCE NOTE
Target audience note
650 ## - SUBJECT ADDED ENTRY--TOPICAL TERM
Topical term or geographic name as entry element Business.
650 ## - SUBJECT ADDED ENTRY--TOPICAL TERM
Topical term or geographic name as entry element 2. Management.
942 ## - ADDED ENTRY ELEMENTS (KOHA)
Source of classification or shelving scheme Library of Congress Classification
Koha item type Books
Call number prefix Local
Holdings
Withdrawn status Lost status Source of classification or shelving scheme Damaged status Home library Current library Shelving location Date acquired Source of acquisition Total Checkouts Full call number Barcode Date last seen Copy number Price effective from Koha item type
    Library of Congress Classification   College Library College Library Filipiniana Section 12/04/2013 Donation   HF 5363 .In35 2004 C5136 05/08/2018 1 12/04/2013 Books

An Introduction to business and management

APA

Ignacio M. H., . (2004). An Introduction to business and management. Manila: Sinag-tala Publishers.

Chicago

Ignacio Monico H, . 2004. An Introduction to business and management. Manila: Sinag-tala Publishers.

Harvard

Ignacio M. H., . (2004). An Introduction to business and management. Manila: Sinag-tala Publishers.

MLA

Ignacio Monico H, . An Introduction to business and management. Manila: Sinag-tala Publishers. 2004.

  • Place hold
  • Print
  • Cite
  • Add to your cart (remove)
  • Save record
    BIBTEX Dublin Core MARCXML MARC (non-Unicode/MARC-8) MARC (Unicode/UTF-8) MARC (Unicode/UTF-8, Standard) MODS (XML) RIS
  • More searches
    Search for this title in:
    Other Libraries (WorldCat) Other Databases (Google Scholar) Online Stores (Bookfinder.com) Open Library (openlibrary.org)

Exporting to Dublin Core...

SOUTHVILLE LIBRARY

Southville International School and Colleges Library

1281 Tropical Ave. Cor. Luxembourg St., BF Homes International, Las Pinas City

Tel. No. 8256374 / 252358 Loc. 117/146

Powered by Koha